书目信息 |
| 题名: |
复变函数
|
|
| 作者: | ;西安交通大学高等数学教研室 编 | |
| 分册: | ||
| 出版信息: | 北京 人民教育出版社 1978 |
|
| 页数: | 176页 | |
| 开本: | 19cm | |
| 丛书名: | ||
| 单 册: | ||
| 中图分类: | P174.5 | |
| 科图分类: | ||
| 主题词: | 空间天文 | |
| 电子资源: | ||
| ISBN: | ||
| 000 | 00611nam0 2200205 45 | |
| 001 | 0405201576 | |
| 005 | 20070706150037.40 | |
| 010 | @dCNY0.43 | |
| 091 | @a13012.0257 | |
| 100 | @a20040520d1978 km y0chiy0120 ea | |
| 101 | 0 | @achi |
| 200 | 1 | @a复变函数@AFu Bian Han Shu@f西安交通大学高等数学教研室编@FXi An Jiao Tong Da Xue Gao Deng Shu Xue Jiao Yan Shi Bian |
| 210 | @a北京@c人民教育出版社@d1978 | |
| 215 | @a176页@d19cm | |
| 300 | @a高等学校试用教材 | |
| 606 | 0 | @a空间天文 |
| 690 | @aP174.5@v3 | |
| 711 | 02 | @a西安交通大学高等数学教研室@4编 |
| 801 | @aCN@bPftUser@c20070706 | |
| 905 | @f1@b15480@dP174.5@e23 | |
| 复变函数/西安交通大学高等数学教研室编.-北京:人民教育出版社,1978 |
| 176页;19cm |
| 高等学校试用教材 |
| ISBN :CNY0.43 |
| ● |
| 相关链接 |
|
|
|
|
正题名:复变函数
索取号:P174.5/23
 
预约/预借
| 序号 | 登录号 | 条形码 | 馆藏地/架位号 | 状态 | 备注 |
| 1 | 0015480 | 000421261 | 第二样本阅览室/ [索取号:P174.5/23] | 在馆 | |
| 2 | 0766805 | 207668059 | 密集书库/ [索取号:P174.5/23] | 在馆 |